The jealousy man and other stories / Jo Nesbo ; translated from the Norwegian by Robert Ferguson.
Jo Nesbø is known the world over as a consummate mystery/thriller writer. Famed for his deft characterization, hair-raising suspense and shocking twists, Nesbø's dexterity with the dark corners of the human heart is on full display in these inventive and enthralling stories. A detective with a nose for jealousy is on the trail of a man suspected of murdering his twin, a bereaved father must decide whether vengeance has a place in the new world order after a pandemic brings about the collapse of society, a garbage man fresh off a bender tries to piece together what happened the night before, a hired assassin matches wits against his greatest adversary in a dangerous game for survival and an instantly electric connection between passengers on a flight to London may spell romance or something more sinister. With Nesbø's gift for outstanding atmosphere and gut-wrenching revelations, The Jealousy Man is a veritable crime lover's delight.
Record details
- ISBN: 9780593503904
- ISBN: 0593503902
- Physical Description: 726 pages (large print) ; 24 cm
- Edition: First large print edition.
- Publisher: New York : Random House Large Print, [2021]
- Copyright: ©2021
Content descriptions
| General Note: | Originally published in Norway as Sjalusimannen og andre fortellinger by H. Aschehoug & Co, Oslo, in 2021. |
| Formatted Contents Note: | Part one: Jealousy. London ; The Jealousy man ; The line ; Trash ; The confession ; Odd ; The earring -- Part two. Power. Rat Island ; The shredder ; The cicadas ; The antidote ; Black knight. |
Search for related items by subject
Available copies
- 1 of 1 copy available at scottsboropl.
Holds
- 0 current holds with 1 total copy.
Show Only Available Copies
| Location | Call Number / Copy Notes | Barcode | Shelving Location | Status | Due Date |
|---|---|---|---|---|---|
| scottsboropl | F Nes | 32269001190019 | Adult - Fiction | Available | - |
| LDR | 04570cam a2200841 i 4500 | ||
|---|---|---|---|
| 001 | 158171 | ||
| 003 | SBPL | ||
| 005 | 20220414154712.0 | ||
| 008 | 210503t20212021nyu ed 000 1 eng d | ||
| 007 | tb | ||
| 040 | . | ‡aWIQ ‡beng ‡erda ‡cWIQ ‡dBDX ‡dGK8 ‡dOCLCO ‡dOCLCQ ‡dAUNTL ‡dCLE ‡dOI6 ‡dLMJ ‡dTCH ‡dYEQ ‡dIUK ‡dIY5 ‡dIMT ‡dOCLCO ‡dBKL ‡dWLM ‡dOCLCO | |
| 020 | . | ‡a9780593503904 ‡q(large print ; ‡qpaperback) | |
| 020 | . | ‡a0593503902 ‡q(large print ; ‡qpaperback) | |
| 035 | . | ‡a(OCoLC)1249752405 | |
| 050 | 4. | ‡aPT8951.24.E83 ‡bS5313 2021b | |
| 082 | 0 | 4. | ‡a839.823/74 ‡223 |
| 100 | 1 | . | ‡aNesbø, Jo, ‡d1960- ‡eauthor. |
| 240 | 1 | 0. | ‡aSjalusimannen og andre fortellinger. ‡lEnglish |
| 245 | 1 | 4. | ‡aThe jealousy man and other stories / ‡cJo Nesbo ; translated from the Norwegian by Robert Ferguson. |
| 250 | . | ‡aFirst large print edition. | |
| 264 | 1. | ‡aNew York : ‡bRandom House Large Print, ‡c[2021] | |
| 264 | 4. | ‡c©2021 | |
| 300 | . | ‡a726 pages (large print) ; ‡c24 cm | |
| 336 | . | ‡atext ‡btxt ‡2rdacontent | |
| 337 | . | ‡aunmediated ‡bn ‡2rdamedia | |
| 338 | . | ‡avolume ‡bnc ‡2rdacarrier | |
| 340 | . | ‡nlarge print ‡2rdafs | |
| 500 | . | ‡aOriginally published in Norway as Sjalusimannen og andre fortellinger by H. Aschehoug & Co, Oslo, in 2021. | |
| 505 | 0 | . | ‡aPart one: Jealousy. London ; The Jealousy man ; The line ; Trash ; The confession ; Odd ; The earring -- Part two. Power. Rat Island ; The shredder ; The cicadas ; The antidote ; Black knight. |
| 520 | . | ‡aJo Nesbø is known the world over as a consummate mystery/thriller writer. Famed for his deft characterization, hair-raising suspense and shocking twists, Nesbø's dexterity with the dark corners of the human heart is on full display in these inventive and enthralling stories. A detective with a nose for jealousy is on the trail of a man suspected of murdering his twin, a bereaved father must decide whether vengeance has a place in the new world order after a pandemic brings about the collapse of society, a garbage man fresh off a bender tries to piece together what happened the night before, a hired assassin matches wits against his greatest adversary in a dangerous game for survival and an instantly electric connection between passengers on a flight to London may spell romance or something more sinister. With Nesbø's gift for outstanding atmosphere and gut-wrenching revelations, The Jealousy Man is a veritable crime lover's delight. | |
| 650 | 0. | ‡aJealousy ‡vFiction. | |
| 650 | 0. | ‡aMurder ‡xInvestigation ‡vFiction. | |
| 650 | 0. | ‡aRevenge ‡vFiction. | |
| 650 | 0. | ‡aTwins ‡vFiction. | |
| 650 | 0. | ‡aLarge type books. | |
| 650 | 6. | ‡aJalousie ‡vRomans, nouvelles, etc. | |
| 650 | 6. | ‡aMeurtre ‡xEnquêtes ‡vRomans, nouvelles, etc. | |
| 650 | 6. | ‡aVengeance ‡vRomans, nouvelles, etc. | |
| 650 | 6. | ‡aLivres en gros caractères. | |
| 650 | 7. | ‡alarge print books. ‡2aat | |
| 650 | 7. | ‡aFICTION / Short Stories (single author). ‡2bisacsh | |
| 650 | 7. | ‡aFICTION / Thrillers / Crime. ‡2bisacsh | |
| 650 | 7. | ‡aFICTION / World Literature / Norway. ‡2bisacsh | |
| 650 | 7. | ‡aJealousy. ‡2fast ‡0(OCoLC)fst00982225 | |
| 650 | 7. | ‡aTwins. ‡2fast ‡0(OCoLC)fst01159851 | |
| 650 | 7. | ‡aMurder ‡xInvestigation. ‡2fast ‡0(OCoLC)fst01029788 | |
| 650 | 7. | ‡aRevenge. ‡2fast ‡0(OCoLC)fst01096476 | |
| 655 | 0. | ‡aLarge type books. | |
| 655 | 7. | ‡ashort stories. ‡2aat | |
| 655 | 7. | ‡aDetective and mystery fiction. ‡2fast ‡0(OCoLC)fst01726581 | |
| 655 | 7. | ‡aFiction. ‡2fast ‡0(OCoLC)fst01423787 | |
| 655 | 7. | ‡aShort stories. ‡2fast ‡0(OCoLC)fst01726740 | |
| 655 | 7. | ‡aThrillers (Fiction) ‡2fast ‡0(OCoLC)fst01726755 | |
| 655 | 7. | ‡aMystery fiction. ‡2gsafd | |
| 655 | 7. | ‡aDetective and mystery fiction. ‡2lcgft | |
| 655 | 7. | ‡aShort stories. ‡2lcgft | |
| 655 | 7. | ‡aLarge type books. ‡2lcsh | |
| 655 | 7. | ‡aNouvelles. ‡2rvmgf | |
| 700 | 1 | . | ‡aFerguson, Robert, ‡etranslator. |
| 700 | 1 | 2. | ‡iContainer of (work): ‡aNesbø, Jo, ‡d1960- ‡tLondon. |
| 700 | 1 | 2. | ‡iContainer of (work): ‡aNesbø, Jo, ‡d1960- ‡tJealousy man. |
| 700 | 1 | 2. | ‡iContainer of (work): ‡aNesbø, Jo, ‡d1960- ‡tLine. |
| 700 | 1 | 2. | ‡iContainer of (work): ‡aNesbø, Jo, ‡d1960- ‡tTrash. |
| 700 | 1 | 2. | ‡iContainer of (work): ‡aNesbø, Jo, ‡d1960- ‡tConfession. |
| 700 | 1 | 2. | ‡iContainer of (work): ‡aNesbø, Jo, ‡d1960- ‡tOdd. |
| 700 | 1 | 2. | ‡iContainer of (work): ‡aNesbø, Jo, ‡d1960- ‡tEarring. |
| 700 | 1 | 2. | ‡iContainer of (work): ‡aNesbø, Jo, ‡d1960- ‡tRat Island. |
| 700 | 1 | 2. | ‡iContainer of (work): ‡aNesbø, Jo, ‡d1960- ‡tShredder. |
| 700 | 1 | 2. | ‡iContainer of (work): ‡aNesbø, Jo, ‡d1960- ‡tCicadas. |
| 938 | . | ‡aBrodart ‡bBROD ‡n129185949 | |
| 029 | 1 | . | ‡aAU@ ‡b000069949118 |
| 994 | . | ‡aZ0 ‡bMWL | |
| 948 | . | ‡hNO HOLDINGS IN MWL - 353 OTHER HOLDINGS | |
| 901 | . | ‡a158171 ‡b ‡c158171 ‡tbiblio | |